La société au moyen âge /

محفوظ في:

المؤلف الرئيسي: Funck-Brentano, Frantz, 1862-1947 (مؤلف)

التنسيق: كتاب

اللغة: French

منشور في: Paris : Flammarion, [1937].

سلاسل: Hier et aujourd'hui.

الموضوعات:

الوسوم: إضافة وسم

لا توجد وسوم, كن أول من يضع وسما على هذه التسجيلة!

رقم الطلب: DC33.2 .F77 1937

LEADER 00718nam a2200241I 4500
001 6935
003 OSt
005 20251210114608.0
008 130303s1937 fr 000 0 fre d
035 |a ocm00888829 
040 |c ARCE Library 
050 4 |a DC33.2 .F77 1937 
100 1 |a Funck-Brentano, Frantz,  |d 1862-1947,  |e author  |9 30361 
245 1 3 |a La société au moyen âge /  |c Frantz Funck-Brentano. 
264 1 |a Paris :  |b Flammarion,  |c [1937]. 
300 |a 126 pages ;  |c 18 cm. 
490 0 |a Hier et aujourd'hui. 
500 |a "Le texte qui constitue ce volume est entièrement inédit." 
650 0 |a Middle Ages. 
651 0 |a France   |x Social life and customs. 
901 |a reviewed 
942 |c BK  |2 lcc 
999 |c 4579  |d 4579